Loading...
| Fine Arts - Classical Music | 0 | 4 | 0 | 2 | 40 | 74 | 95.00 | 0 | 0 |
| History - European History | 0 | 2 | 1 | 0 | 15 | 49 | 67.50 | 0 | 2 |
| Science - Physics | 0 | 1 | 0 | 1 | 10 | 104 | 104.00 | 0 | 0 |
| Fine Arts - Other Fine Arts | 0 | 1 | 0 | 1 | 10 | 99 | 99.00 | 0 | 0 |
| Pop Culture | 0 | 1 | 0 | 0 | 10 | 19 | 19.00 | 1 | 1 |
| Science - Other Science | 0 | 1 | 0 | 0 | 10 | 35 | 35.00 | 0 | 1 |
| Current Events | 0 | 1 | 0 | 0 | 10 | 57 | 57.00 | 0 | 1 |
| Geography | 0 | 1 | 1 | 1 | 5 | 72 | 72.00 | 0 | 1 |
| History - World History | 0 | 1 | 1 | 0 | 5 | 28 | 28.00 | 0 | 1 |
| Literature - European Literature | 0 | 0 | 1 | 0 | -5 | 0.00 | 0 | 0 | |
| History - American History | 0 | 0 | 1 | 0 | -5 | 0.00 | 0 | 0 |